Normal view
MARC view
- Lawrence, Walter R.
Entry Personal Name
001 - CONTROL NUMBER
- control field: 3722
003 - CONTROL NUMBER IDENTIFIER
- control field: NUST
005 - DATE AND TIME OF LATEST TRANSACTION
- control field: 20170803104548.0
008 - FIXED-LENGTH DATA ELEMENTS
- fixed length control field: 170803|| aca||aabn | a|a d
040 ## - CATALOGING SOURCE
- Original cataloging agency: NUST
- Transcribing agency: NUST
100 ## - HEADING--PERSONAL NAME
- Personal name: Lawrence, Walter R.
- Fuller form of name: (Walter Roper),
- Titles and other words associated with a name: Sir,
- Dates associated with a name: 1857-1940.
670 ## - SOURCE DATA FOUND
- Source citation: Work cat.: (NUST)0: Imperial gazetteer Provincial series: Kashmīr and Jammu., 2002.
